| 000 | 00894cab a2200289 4500 | ||
|---|---|---|---|
| 001 | WB3111-49 | ||
| 008 | 090401t1995 xxu||||| |||| 00| 0 eng d | ||
| 035 | _a(Sirsi) u29361 | ||
| 041 | _aeng | ||
| 245 | _aValuation Office Agency cuts | ||
| 260 | _c1995 | ||
| 350 | _a0 | ||
| 490 |
_aProperty Week _v50(11) 16 March 1995, 5(1) |
||
| 520 | _aThe Valuation Office Agency is to make 300 qualified staff redundant because of a fall in the amount of valuation work following completion of the revaluation for non-domestic rates. | ||
| 650 | _aINLAND REVENUE | ||
| 650 | _aOVERCAPACITY | ||
| 650 | _aOVERSUPPLY | ||
| 650 | _aREDUNDANCIES | ||
| 650 | _aRATING REVALUATION 1995 | ||
| 650 | _aSURVEYING FIRMS | ||
| 650 | _aSURVEYORS | ||
| 650 | _aVALUATION OFFICE AGENCY | ||
| 690 | _aECONOMIC AND SOCIAL | ||
| 690 | _aRATING AND VALUATION | ||
| 942 | _n0 | ||
| 948 | _c04/03/1997 | ||
| 999 |
_c19780 _d19780 |
||